000 00883nam a2200241 4500
001 179035
003 ES-MaACL
005 20250911062852.0
008 110823s2010 sp |||| | spa d
020 _a978-84-9895-743-3
080 _a821.134.2(72)-14"19"
100 1 _aPacheco, José Emilio.
_988124
245 1 4 _aLos elementos de la noche
_b: poesía I (1958-1964) /
_cJosé Emilio Pacheco.
260 _aMadrid :
_bVisor Libros,
_c[2010]
300 _a90 p. ;
_c20 cm.
490 1 _aColección Visor de poesía ;
_v743
505 8 _aContiene: ;
_tLos elementos de la noche (1958-1962) ;
_tEl reposo del fuego (1963-1964)
740 3 _aEl reposo del fuego.
830 0 _aColección Visor de poesía
_v743
_9177331
852 _aES-MaACL
_jA-11427
_9185904
_bR.145877
_cDEPO1
_dOlim: N-4431
942 _2udc
_cMONOGRAFIA
999 _c179035
_d179035